LEADER 00905nam0 22002531i 450 001 UON00199643 005 20250515084459.838 100 $a20030730d1979 |0itac50 ba 101 $aita 102 $aIT 105 $a|||| ||||| 200 1 $aˆI ‰nodi della Costituzione$fPaolo Barile$gCarlo Macchitella 210 $aTorino$cG. Einaudi$d1979 215 $aXI, 296 p.$d18 cm. 620 $aIT$dTorino$3UONL000014 700 1$aBarile$bPaolo$3UONV100400$036027 701 1$aMacchitella$bCarlo$3UONV118994$0122403 712 $aEinaudi$3UONV246211$4650 801 $aIT$bSOL$c20250516$gRICA 899 $aSIBA - SISTEMA BIBLIOTECARIO DI ATENEO$2UONSI 912 $aUON00199643 950 $aSIBA - SISTEMA BIBLIOTECARIO DI ATENEO$dSI PUB C 0295 $eSI SC 6349 5 0295 996 $aNodi della Costituzione$9620114 997 $aUNIOR